000 00526nam a22001817a 4500
999 _c40753
_d40753
003 OSt
005 20200606120145.0
008 191101b ||||| |||| 00| 0 eng d
020 _a9789581626603
040 _cMESKC library
082 _a823.92
_bAMI/N
100 0 _aAmish
_934
245 _aNagaon Ka Rahsya = The Secret of the Nagas /
_cAmish
260 _aNew Delhi :
_bWestland,
_c2011
300 _a403p
440 _a(The Shiva Triology -
_n2)
942 _2ddc
_cBK
_h823.92
_iAMI/N
_k823.92
_mAMI/N